Normal view
MARC view
- Capitolo Speciale Generale 1969. Prima Sessione.
Entry Personal Name
001 - CONTROL NUMBER
- control field: 467
003 - CONTROL NUMBER IDENTIFIER
- control field: IT-RoPau
005 - DATE AND TIME OF LATEST TRANSACTION
- control field: 20130320100022.0
008 - FIXED-LENGTH DATA ELEMENTS
- fixed length control field: 130320|| aca||aabn | a|a d
040 ## - CATALOGING SOURCE
- Original cataloging agency: IT-RoPau
- Transcribing agency: IT-RoPau
100 ## - HEADING--PERSONAL NAME
- Personal name: Capitolo Speciale Generale 1969. Prima Sessione.
670 ## - SOURCE DATA FOUND
- Source citation: Work cat.: (IT-RoPau)21752: Capitolo Speciale Generale 1969. Prima Sessione. , La vita spirituale, 1969